ՀՀ Գիտությունների ազգային ակադեմիայի հիմնարար գիտական գրադարան  =   Fundamental Scientific Library of NAS RA
Normal view MARC view

Entry Personal Name

Number of records used in: 9

001 - CONTROL NUMBER

  • control field: 1235

003 - CONTROL NUMBER IDENTIFIER

  • control field: AM-YEHGA

005 - DATE AND TIME OF LATEST TRANSACTION

  • control field: 20250617070426.0

008 - FIXED-LENGTH DATA ELEMENTS

  • fixed length control field: 050129 a|ac|n|aab| |a |n| |d

040 ## - CATALOGING SOURCE

  • Original cataloging agency: AM-YEHGA

100 1# - HEADING--PERSONAL NAME

  • Personal name: Հակոբյան, Վիլեն Պարույրի,
  • Dates associated with a name: 1938-

370 ## - ASSOCIATED PLACE

  • Place of birth: գ. Գառնահովիտ (ՀՀ, Արագածոտնի մարզ)

372 ## - FIELD OF ACTIVITY

  • Field of activity: Բժշկություն
  • Field of activity: Դեղագիտություն

373 ## - ASSOCIATED GROUP

  • Associated group: Երևանի պետական բժշկական ինստիտուտ
  • Start period: 1954
  • End period: 1960

374 ## - OCCUPATION

  • Occupation: Դեղագետ

375 ## - GENDER

  • Gender: Արական

400 1# - SEE FROM TRACING--PERSONAL NAME

  • Personal name: Հակոբյան, Վիուլեն Պարույրի,
  • Dates associated with a name: 1938-

400 1# - SEE FROM TRACING--PERSONAL NAME

  • Personal name: Հակոբյան, Վ.Պ.
  • Fuller form of name: (Վիլեն Պարույրի),
  • Dates associated with a name: 1938-

400 1# - SEE FROM TRACING--PERSONAL NAME

  • Personal name: Акопян, Виулен Паруйрович,
  • Dates associated with a name: 1938-

400 1# - SEE FROM TRACING--PERSONAL NAME

  • Personal name: Акопян, Вилен Паруйрович,
  • Dates associated with a name: 1938-

400 1# - SEE FROM TRACING--PERSONAL NAME

  • Personal name: Акопян, В.П.
  • Fuller form of name: (Виулен Паруйрович),
  • Dates associated with a name: 1938-

400 1# - SEE FROM TRACING--PERSONAL NAME

  • Personal name: Hakobyan, Viulen Paruyri,
  • Dates associated with a name: 1938-

670 ## - SOURCE DATA FOUND

  • Uniform Resource Identifier: https://hy.wikipedia.org/wiki/Հակոբյան Վիլեն

670 ## - SOURCE DATA FOUND

  • Source citation: Ֆարմակոլոգիա : Դասագիրք բժշ. ին-տ. ուսանողների համար, 1989 :
  • Information found: տիտղթ. (Է.Ս. Գաբրիելյան, Վ.Պ. Հակոբյան, Է.Ա. Ամրոյան); (Հակոբյան Վիլեն Պարույրի)

670 ## - SOURCE DATA FOUND

  • Source citation: Влияние гамма-аминомасляной кислоты на мозговое кровообращение, 1985 :
  • Information found: т. л. (В.П. Акопян)


ՀՀ ԳԱԱ հիմնարար գիտական գրադարան
ՀՀ,Երևան 0019
Մարշալ Բաղրամյան 24/6
հեռախոս:(374-10) 52-47-50
Հետադարձ կապ

All site content, except where otherwise noted, is licensed under a
Creative Commons License